Reprodukcia základných prostriedkov a pracovných miest v rokoch 1948-1987 v SSR
Uložené v:
| Médium: | Kniha |
|---|---|
| Jazyk: | Slovak |
| Vydavateľské údaje: |
Bratislava
Slovenská technická knižnica
1988
|
| Tagy: |
Žiadne tagy, Buďte prvý, kto otaguje tento záznam!
|
MARC
| LEADER | 00000nam a2200000 4500 | ||
|---|---|---|---|
| 001 | c031838 | ||
| 005 | 20251110131515.3 | ||
| 041 | 0 | |a slo | |
| 044 | |a SK | ||
| 245 | 1 | 0 | |a Reprodukcia základných prostriedkov a pracovných miest v rokoch 1948-1987 v SSR |
| 264 | 1 | |a Bratislava |b Slovenská technická knižnica |c 1988 | |
| 300 | |a 310 s. | ||